| 000 -LEADER |
| fixed length control field |
00622nam a2200205Ia 4500 |
| 001 - CONTROL NUMBER |
| control field |
3398 |
| 003 - CONTROL NUMBER IDENTIFIER |
| control field |
GE_BSU |
| 008 - FIXED-LENGTH DATA ELEMENTS--GENERAL INFORMATION |
| fixed length control field |
181216s||||||||xx |||||||||||||| ||und|| |
| 040 ## - CATALOGING SOURCE |
| Transcribing agency |
GE_BSU |
| 080 ## - UNIVERSAL DECIMAL CLASSIFICATION NUMBER |
| Universal Decimal Classification number |
66.023(075.8) |
| 100 ## - MAIN ENTRY--PERSONAL NAME |
| Personal name |
Александров,И.А. |
| 245 ## - TITLE STATEMENT |
| Title |
Рекфикационные и абсорбционные аппараты.Методы расчета и основы конструирования. |
| 245 ## - TITLE STATEMENT |
| Statement of responsibility, etc. |
Ред.Степанова. |
| 250 ## - EDITION STATEMENT |
| Edition statement |
3-е изд. перераб. |
| 260 ## - PUBLICATION, DISTRIBUTION, ETC. |
| Place of publication, distribution, etc. |
М. |
| 260 ## - PUBLICATION, DISTRIBUTION, ETC. |
| Name of publisher, distributor, etc. |
Химия. |
| 260 ## - PUBLICATION, DISTRIBUTION, ETC. |
| Date of publication, distribution, etc. |
1978. |
| 300 ## - PHYSICAL DESCRIPTION |
| Extent |
280стр.21см. |
| 942 ## - ADDED ENTRY ELEMENTS (KOHA) |
| Koha item type |
წიგნი |